[Event "FRA-chT U20 GpB 1213"]
[Site "France"]
[Date "2013.01.06"]
[Round "7"]
[White "Bousmaha, Wassel"]
[Black "Hadji, Rasla"]
[Result "1-0"]
[WhiteElo "1454"]
[BlackElo "1240"]
[PlyCount "123"]
[EventDate "2012.12.01"]
[EventType "team"]
[EventRounds "7"]
[EventCountry "FRA"]
[SourceTitle "EXT 2014"]
[Source "ChessBase"]
[SourceDate "2013.11.20"]
[SourceVersion "1"]
[SourceVersionDate "2013.11.20"]
[SourceQuality "1"]
[WhiteTeam "Creteil (U20)"]
[BlackTeam "Clichy (U20)"]
[WhiteTeamCountry "FRA"]
[BlackTeamCountry "FRA"]

1. e4 e5 2. Nf3 Nc6 3. Bc4 Be7 4. d4 exd4 5. Nxd4 Nf6 6. Nxc6 bxc6 7. e5 Ne4 8. Qf3 0-0 9. Qxe4 d5 10. exd6 cxd6 11. 0-0 d5 12. Bxd5 cxd5 13. Qf3 Qd6 14. Nc3 Bb7 15. Rd1 Rad8 16. Bf4 Qc5 17. Qg3 Qc6 18. Be5 f6 19. Bd4 a6 20. Re1 Bd6 21. Qg4 Rfe8 22. h3 Rxe1+ 23. Rxe1 Qd7 24. Qf3 Re8 25. Rd1 Qe7 26. Rf1 Qe6 27. Qe3 Qd7 28. Qf3 Qe6 29. Qg4 Qxg4 30. hxg4 Rf8 31. Re1 Bc6 32. Re6 Rd8 33. Bb6 Kf7 34. Bxd8 Kxe6 35. Bb6 f5 36. gxf5+ Kxf5 37. Bd4 g5 38. Ne2 h5 39. Be3 h4 40. Nd4+ Ke4 41. Nxc6 g4 42. Nd4 h3 43. g3 Bc5 44. c3 Bxd4 45. Bxd4 Kf5 46. b4 Ke6 47. a4 Kd7 48. b5 axb5 49. axb5 Kc8 50. b6 Kb8 51. f4 Kc8 52. f5 Kd8 53. f6 Kd7 54. f7 Ke7 55. b7 Kxf7 56. b8Q h2+ 57. Kxh2 Ke6 58. Qe5+ Kd7 59. Qxd5+ Ke7 60. Be5 Kf8 61. Qd7 Kg8 62. Qg7# 1-0